Т. 2; Руководство по радиационной защите для инженеров

Бібліографічні деталі
Parent link:Руководство по радиационной защите для инженеров: Пер. с англ./ Пер. под ред Д. Л. Бродера. Т. 2.— , 1972-
Мова:Російська
Опубліковано: 1973
Предмети:
Формат: Книга
KOHA link:https://koha.lib.tpu.ru/cgi-bin/koha/opac-detail.pl?biblionumber=50660

MARC

LEADER 00000nam2a2200000 4500
001 50660
005 20231031033342.0
035 |a (RuTPU)RU\TPU\book\53040 
090 |a 50660 
100 |a 20030418d1973 k y0rusy50 ca 
101 0 |a rus 
102 |a RU 
105 |a a g 001zy 
200 0 |a Т. 2 
210 |d 1973 
215 |a 288 с.  |c ил. 
320 |a Библиогр. в конце глав 
461 1 |0 (RuTPU)RU\TPU\book\53029  |t Руководство по радиационной защите для инженеров  |o Пер. с англ.  |f Пер. под ред Д. Л. Бродера  |v Т. 2  |d 1972- 
610 1 |a ядерная техника 
610 1 |a ионизирующие излучения 
610 1 |a радиационная защита 
610 1 |a радиационная безопасность 
610 1 |a источники излучения 
610 1 |a тепловыделение 
610 1 |a каналы 
610 1 |a пустоты 
610 1 |a руководства 
610 1 |a справочники 
675 |a 621.039.58(035)  |v 3 
801 1 |a RU  |b 63413507  |c 20030418  |g PSBO 
801 2 |a RU  |b 63413507  |c 20140714  |g PSBO 
942 |c BK